Equinity and Fixed Income Level 1 2010: CFA Program Curriculum. Volume 5, (Record no. 5777)

MARC details
005 - DATE AND TIME OF LATEST TRANSACTION
control field 20250627173127.0
020 ## - INTERNATIONAL STANDARD BOOK NUMBER
International Standard Book Number 978-558-16021-0
082 ## - DEWEY DECIMAL CLASSIFICATION NUMBER
Classification number 336.2417EQU
111 ## - MAIN ENTRY--MEETING NAME
Meeting name or jurisdiction name as entry element Equinity and Fixed Income Level 1 2010: CFA Program Curriculum. Volume 5,
245 ## - TITLE STATEMENT
Title Equinity and Fixed Income Level 1 2010: CFA Program Curriculum. Volume 5,
260 ## - PUBLICATION, DISTRIBUTION, ETC.
Place of publication, distribution, etc. New York,
Name of publisher, distributor, etc. Custom Publishing,
Date of publication, distribution, etc. 2010.
300 ## - PHYSICAL DESCRIPTION
Extent xvii,569,: ill.; figure, table
Other physical details Glossary & Index
Dimensions 27cm
942 ## - ADDED ENTRY ELEMENTS (KOHA)
Source of classification or shelving scheme Dewey Decimal Classification
Koha item type Books
Holdings
Date last seen Total checkouts Full call number Barcode Cost, replacement price Price effective from Koha item type Lost status Source of classification or shelving scheme Damaged status Not for loan Withdrawn status Home library Current library Shelving location Date acquired Cost, normal purchase price
06/27/2025   336.2417EQU DOM0002637 90000.00 06/27/2025 Books   Dewey Decimal Classification       CBE Dodoma CBE Dodoma General Collection 07/24/2018 30000.00